You are the world / (Record no. 133471)
[ view plain ]
| 000 -LEADER | |
|---|---|
| fixed length control field | 00715nam a22002177a 4500 |
| 005 - DATE AND TIME OF LATEST TRANSACTION | |
| control field | 20170124110210.0 |
| 010 ## - LIBRARY OF CONGRESS CONTROL NUMBER | |
| LC control number | B-284868 |
| 020 ## - INTERNATIONAL STANDARD BOOK NUMBER | |
| Terms of availability | 100.00 |
| International Standard Book Number | 978187326026 |
| 035 ## - SYSTEM CONTROL NUMBER | |
| System control number | B-284868 |
| 037 ## - SOURCE OF ACQUISITION | |
| Source of stock number/acquisition | Cen Lib/Ret |
| 040 ## - CATALOGING SOURCE | |
| Original cataloging agency | DPL |
| Language of cataloging | EN |
| 082 ## - DEWEY DECIMAL CLASSIFICATION NUMBER | |
| Classification number | 181.499 |
| Item number | KRI |
| 100 ## - MAIN ENTRY--PERSONAL NAME | |
| Personal name | Krishnamurti, J. |
| 9 (RLIN) | 79026 |
| 245 ## - TITLE STATEMENT | |
| Title | You are the world / |
| Statement of responsibility, etc | by J Krishnamurti |
| Remainder of title | Authentic reports of talks and discussions in american universities |
| 260 ## - PUBLICATION, DISTRIBUTION, ETC. (IMPRINT) | |
| Place of publication, distribution, etc | Chennai |
| Name of publisher, distributor, etc | Krishnamurti Foundation India |
| Date of publication, distribution, etc | 1972 |
| 270 ## - ADDRESS | |
| Address | Vasanta Vihar, 124 Greenways Road |
| City | Chennai |
| Postal code | 600028 |
| 300 ## - PHYSICAL DESCRIPTION | |
| Extent | 163p. |
| Dimensions | 21cm(pbk) |
| 650 ## - SUBJECT ADDED ENTRY--TOPICAL TERM | |
| Topical term or geographic name as entry element | Conduct of life |
| 9 (RLIN) | 12754 |
| 650 ## - SUBJECT ADDED ENTRY--TOPICAL TERM | |
| Topical term or geographic name as entry element | Consciousness |
| 9 (RLIN) | 38034 |
| 942 ## - ADDED ENTRY ELEMENTS (KOHA) | |
| Source of classification or shelving scheme | Dewey Decimal Classification |
| Koha item type | English Books |
| Classification part | 181.499 |
| Call number suffix | KRI |
| Withdrawn status | Lost status | Damaged status | Not for loan | Home library | Current library | Date acquired | Source of acquisition | Cost, normal purchase price | Total Checkouts | Total Renewals | Full call number | Barcode | Date last seen | Date checked out | Copy number | Cost, replacement price | Price effective from | Koha item type |
|---|---|---|---|---|---|---|---|---|---|---|---|---|---|---|---|---|---|---|
| Central Library | Central Library | 27/07/2015 | Cen Lib/Ret | 100.00 | 9 | 4 | 181.499 KRI | B-284868 | 06/06/2022 | 30/03/2022 | 1 | 100.00 | 27/07/2015 | English Books |
